Normal view
MARC view
Entry Topical Term
001 - CONTROL NUMBER
- control field: 51522
003 - CONTROL NUMBER IDENTIFIER
- control field: ARRUPE
005 - DATE AND TIME OF LATEST TRANSACTION
- control field: 20220511081714.0
008 - FIXED-LENGTH DATA ELEMENTS
- fixed length control field: 220511|| aca||aabn | a|a d
040 ## - CATALOGING SOURCE
- Original cataloging agency: ARRUPE
- Transcribing agency: ARRUPE
150 ## - HEADING--TOPICAL TERM
- Topical term or geographic name as entry element: Music
- General subdivision: Psychological aspects
670 ## - SOURCE DATA FOUND
- Source citation: Work cat.: (ARRUPE)131397: Mithen, Steven J. 43729, The singing Neanderthals :, 2005.